Dog breeds A-Z - Statistics

General Stats
  • This quiz has been taken 78 times
  • The average score is 9 of 26
Answer Stats
Picture Answer % Correct
Dalmatian
97%
Boxer
85%
Labrador
75%
Newfoundland
58%
Alaskan Malamute
55%
Maltese
47%
German shepherd
45%
Yorkie
43%
Shetland Sheepdog
40%
Irish Wolfhound
35%
Papillon
35%
Weimaraner
35%
Cairn terrier
33%
Havanese
33%
Vizsla
33%
Keeshond
28%
Rhodesian Ridgeback
28%
Foxhound
25%
Queensland heeler
25%
Old English Sheepdog
22%
Xoloitzcuintli
18%
Japanese Akita
13%
Tibetan Spaniel
12%
Zuchon
10%
English Shepherd
7%
Ultimate Mastiff
3%
No matching quizzes found
Score Distribution
Percent of People with Each Score
Percentile by Number Answered
Your Score History
You have not taken this quiz